00628nam a2200181 4500001000700000003000900007005001700016007000300033008004100036100002500077245008300102250002600185260003400211300003000245852003100275999001900306952012100325137059ES-MaACL20230906195311.0t|070214s1951 sp r ||||1| spa d1 aSainz, Rufo.910157310aQuesería moderna b: fabricación de quesos de todas clases / cRufo Sainz. a2ª. ed. rev. y ampl. aBarcelona : bOssó, c1951. a277 p. : bil. ; c20 cm. aES-MaACLjD-5475 bR.30663 c137059d137059 00104070aATENEOMbATENEOMcSVId2008-01-17eSCl0oD-5475p901142632r2023-02-23 00:00:00w2023-02-23yMONOGRAFIA